Ako pozdvihnúť podnik

Ak firma nielen kupuje stroje, ale aj preberá inovatívne poznatky, môže zvýšiť svoju konkurencieschopnosť.

Guardado en:
Detalles Bibliográficos
Formato: Capítulo de libro
Lenguaje:eslovaco
Materias:
Etiquetas: Agregar Etiqueta
Sin Etiquetas, Sea el primero en etiquetar este registro!

MARC

LEADER 00000naa a2200000 4500
001 0158041
005 20231113080241.3
041 0 |a slo 
044 |a SK 
245 1 0 |a Ako pozdvihnúť podnik 
520 |a Ak firma nielen kupuje stroje, ale aj preberá inovatívne poznatky, môže zvýšiť svoju konkurencieschopnosť. 
610 2 0 |a projekty 
610 2 0 |a financovanie projektové 
610 2 0 |a Európska únia 
610 2 0 |a firmy 
610 2 0 |a inovácia 
610 2 0 |a konkurencieschopnosť